000 00319nam a22001337a 4500
008 170201b xxu||||| |||| 00| 0 eng d
020 _a2900736065039
041 _aeng
080 _23RD
_a61
100 _a3
101 _aSHM
245 _aMEASUREMENT AND EVALUATION IN HUMAN PERFORMANCE
_cMORROW, J.A
942 _2udc
_cBK
999 _c4204
_d4204